Welcome to the Holygrace Academy Library

Please use search bar below to get started

KULIRUM MATTU KATHAKALUM (Record no. 1345)

MARC details
000 -LEADER
fixed length control field 00344nam a22001457a 4500
020 ## - INTERNATIONAL STANDARD BOOK NUMBER
ISBN 81-7180-734-8
082 ## - DEWEY DECIMAL CLASSIFICATION NUMBER
Classification number 894.812.3
Item number BAL/K
100 ## - MAIN ENTRY--AUTHOR NAME
Personal name BALAKRISHNAN C V
245 ## - TITLE STATEMENT
Title KULIRUM MATTU KATHAKALUM
250 ## - EDITION STATEMENT
Edition statement 1
260 ## - PUBLICATION, DISTRIBUTION, ETC. (IMPRINT)
Place of publication CALICUT
Name of publisher POORNA PUBLICATIONS
Year of publication 1999
300 ## - PHYSICAL DESCRIPTION
Number of Pages 127
650 ## - SUBJECT ADDED ENTRY--TOPICAL TERM
Topical Term MALAYALAM SHORT STORY
Geographic subdivision KERALA
942 ## - ADDED ENTRY ELEMENTS (KOHA)
Koha item type Books
Holdings
Withdrawn status Lost status Collection code Home library Current library Shelving location Date acquired Source of acquisition Cost, normal purchase price Full call number Accession Number Koha item type
    Fiction Main Library Main Library SHELF-6D- MALAYALAM SHORT STORIES 12/01/2005 PURCHASE 50.00 894.812.3 BAL/K 01934 Books